Fiscal monitor fiscal exit: from strategy to implementation

Gespeichert in:
Bibliographische Detailangaben
Format: Buch
Sprache:Englisch
Veröffentlicht: Washington, D.C. International Monetary Fund 2010
Schriftenreihe:World economic and financial surveys
Schlagworte:
Tags: Tag hinzufügen
Keine Tags, Fügen Sie das erste Tag hinzu!

MARC

LEADER 00000nam$a2200000$$$4500
001 0125274
005 20240315115306.1
020 |a 978-1-61635-047-5 
041 0 |a eng 
044 |a US 
245 1 0 |a Fiscal monitor  |b fiscal exit: from strategy to implementation 
264 1 |a Washington, D.C.  |b International Monetary Fund  |c 2010 
300 |a xiv, 138 s. 
490 1 |a World economic and financial surveys 
830 0 |a World economic and financial surveys 
610 2 0 |a politika fiškálna 
610 2 0 |a financie verejné 
610 2 0 |a kríza finančná 
610 2 0 |a rozvoj hospodársky 
610 2 0 |a dlhy verejné 
610 2 0 |a financie štátne 
610 2 0 |a inštitúcie verejnoprávne 
610 2 0 |a reformy dôchodkové 
610 2 0 |a dane 
610 2 0 |a politika daňová 
610 2 0 |a USA 
610 2 0 |a Japonsko 
610 2 0 |a Európska únia